A TEXTBOOK OF INDUSTRIAL PHARMACY-I (Record no. 33050)
[ view plain ]
| 000 -LEADER | |
|---|---|
| fixed length control field | 00300nam a22001337a 4500 |
| 003 - CONTROL NUMBER IDENTIFIER | |
| control field | SGT |
| 082 ## - DEWEY DECIMAL CLASSIFICATION NUMBER | |
| Classification number | 615.1 |
| Item number | KUM |
| 100 ## - MAIN ENTRY--PERSONAL NAME | |
| Personal name | KUMAR, DILIP |
| 245 ## - TITLE STATEMENT | |
| Title | A TEXTBOOK OF INDUSTRIAL PHARMACY-I |
| 260 ## - PUBLICATION, DISTRIBUTION, ETC. (IMPRINT) | |
| Place of publication, distribution, etc | INDIA |
| Name of publisher, distributor, etc | BIRLA PUB. |
| Year of Publication | 2024 |
| 300 ## - PAGE DESCRIPTION | |
| No. of Pages | 64 |
| 650 ## - SUBJECT ADDED ENTRY--TOPICAL TERM | |
| Topical term or geographic name as entry element | INDUSTRIAL PHARMACY |
| 942 ## - ADDED ENTRY ELEMENTS (KOHA) | |
| Source of classification or shelving scheme | Dewey Decimal Classification |
| Koha item type | Books |
| Withdrawn status | Lost status | Source of classification or shelving scheme | Damaged status | Not for loan | Collection code | Home library | Current library | Shelving location | Date acquired | Vendor Name | Cost, normal purchase price | SGTU | Bill Number | Full call number | Accession No. (Barcode) | Date last seen | Bill Date | Koha item type | Total Checkouts |
|---|---|---|---|---|---|---|---|---|---|---|---|---|---|---|---|---|---|---|---|
| Dewey Decimal Classification | Not For Loan | SCIENCE | SGT Science & Social Sciences Library | SGT Science & Social Sciences Library | Reference Book | 31/10/2025 | ABC | 175.00 | SGTU | 21721 | 615.1 KUM | DP1421 | 31/10/2025 | 17/09/2025 | Books | ||||
| Dewey Decimal Classification | SCIENCE | SGT Science & Social Sciences Library | SGT Science & Social Sciences Library | Text Book | 31/10/2025 | ABC | 175.00 | SGTU | 21721 | 615.1 KUM | DP1422 | 31/10/2025 | 17/09/2025 | Books | |||||
| Dewey Decimal Classification | SCIENCE | SGT Science & Social Sciences Library | SGT Science & Social Sciences Library | Text Book | 31/10/2025 | ABC | 175.00 | SGTU | 21721 | 615.1 KUM | DP1423 | 31/10/2025 | 17/09/2025 | Books | |||||
| Dewey Decimal Classification | SCIENCE | SGT Science & Social Sciences Library | SGT Science & Social Sciences Library | Text Book | 31/10/2025 | ABC | 175.00 | SGTU | 21721 | 615.1 KUM | DP1424 | 31/10/2025 | 17/09/2025 | Books | |||||
| Dewey Decimal Classification | SCIENCE | SGT Science & Social Sciences Library | SGT Science & Social Sciences Library | Text Book | 31/10/2025 | ABC | 175.00 | SGTU | 21721 | 615.1 KUM | DP1425 | 31/10/2025 | 17/09/2025 | Books |